Informe de actividades agosto 1983-julio 1985

Kaydedildi:
Detaylı Bibliyografya
Müşterek Yazar: FLACSO
Materyal Türü: Metin
Baskı/Yayın Bilgisi: San José: FLACSO
Etiketler: Etiketle
Etiket eklenmemiş, İlk siz ekleyin!

MARC

LEADER 00000 a a2200000 04500
001 21079
003
040
090 |a 091200  
110 |a FLACSO  
245 |a Informe de actividades agosto 1983-julio 1985  
260 |a San José:   |b FLACSO  
300 |a 16 p.  
999 |c 14425  |d 14425